Central Library OPAC University of Rajshahi

Energy conversion / (Record no. 8805)

MARC details
000 -LEADER
fixed length control field 00819cam a22002531 4500
001 - CONTROL NUMBER
control field 8805
003 - CONTROL NUMBER IDENTIFIER
rucl marc code BD-RjUL
005 - DATE AND TIME OF LATEST TRANSACTION
control field 20211208234645.0
008 - FIXED-LENGTH DATA ELEMENTS--GENERAL INFORMATION
fixed length control field 140119s1963 njua 001 0 eng d
035 ## - SYSTEM CONTROL NUMBER
System control number (BD-RjUL)8850
System control number (OCoLC)567639
040 ## - CATALOGING SOURCE
Original cataloging agency DLC
Transcribing agency ODaWU
Modifying agency MBWI
-- DLC
-- BD-RjUL
Language of cataloging eng
041 ## - LANGUAGE CODE
Language code of text/sound track or separate title eng
082 00 - DEWEY DECIMAL CLASSIFICATION NUMBER
Edition number 23
Classification number 621.3124
Author mark and year CHE 1963
100 1# - MAIN ENTRY--PERSONAL NAME
Personal name Chang, Sheldon S. L.
9 (RLIN) 27372
245 10 - TITLE STATEMENT
Title Energy conversion /
Statement of responsibility, etc. Sheldon S L Chang
260 ## - PUBLICATION, DISTRIBUTION, ETC. (IMPRINT)
Place of publication, distribution, etc. Englewood Cliffs, N.J. :
Name of publisher, distributor, etc. Prentice-Hall,
Date of publication, distribution, etc. 1963.
300 ## - PHYSICAL DESCRIPTION
Pagination xi, 237 p. ;
Size 24 cm.
504 ## - BIBLIOGRAPHY, ETC. NOTE
Bibliography, etc Includes index.
650 #0 - SUBJECT ADDED ENTRY--TOPICAL TERM
Topical term or geographic name as entry element Direct energy conversion.
9 (RLIN) 27374
830 ## - SERIES ADDED ENTRY--UNIFORM TITLE
Uniform title Prentice-Hall international series in electrical engineering
942 ## - ADDED ENTRY ELEMENTS (KOHA)
Source of classification or shelving scheme Dewey Decimal Classification
Koha item type Books
Holdings
Lost status Source of classification or shelving scheme Damaged status Not for loan Collection code Permanent Location Current Location Shelving location Date acquired Source of acquisition Cost, normal purchase price Total Checkouts Full call number Date last seen Copy number Koha item type
  Dewey Decimal Classification     Non-fiction Central Library, University of Rajshahi Central Library, University of Rajshahi   01/10/1970 Swet and Zuitlinger 130.00   621.31 CHE 1963 19/01/2014 C-2 Books